000 00483nam a2200193 4500
001 76379
005 20260423131641.0
010 _a9789896712877
090 _a76379
100 _a20260423d2015 m||y0pory50030103ba
101 0 _apor
102 _aPT
200 1 _aUma vez que tudo se perdeu
_fPedro Mexia
210 9 _aLisboa
_cTinta-da-China
_d2015
215 _a70, [9] p.
675 _a821.134.3-1"19/20"
_vBN
_zpor
700 _aMexia
_bPedro
_f1972-
_931730
801 0 _aPT
_bBN
_gRPC
942 _n0
_cMON